000 00724nam a2200217Ia 4500
003 IN-BaIIA
008 211028s9999 xx 000 0 eng d
020 _a978-1-4020-2578-5
040 _cIIA Library
080 _a52(082.1)
_bASS-312
245 0 _aHigh-velocity clouds
_cedited by Hugo Van Woerden…[et al.]
260 _aDordrecht
_bKluwer Academic
_c2004
300 _ax, 400p.
490 _aAstrophysics and space science library; v. 312
650 _aHigh-Velocity clouds
_929559
700 _aDe Boer, Klaas S., ed.
_913357
700 _aSchwarz, Ulrich J., ed.
_929560
700 _aVan Woerden, Hug, ed.
_929561
700 _aWakker, Bart P., ed.
_929562
942 _cBK
999 _c15988
_d15988